00695nam a2200169 a 450000100100000000500170001000800410002704000250006808200150009310000270010824500350013526000560017030000210022659000750024795201860032299900170050800003478220200930073911.0111019s1959 cu 000 0 spa d aDO-SdBNPbspacBNPHU axxxxbxxxx1 aTejera, Nivaria96027413aEl barranco /cNivaria Tejera. aHabana :bUniversidad Central de las Villas,c1959. a20 cm. ;c191 p. aPerteneció a la biblioteca personal de Juan Isidro Jimenes Grullón 001050718RVaGRbGRcHDd2011-10-19iLF1l0oxxxx xxxxp34782-10r2020-06-25w2020-06-25y1zPerteneció a la biblioteca personal de Juan Isidro Jimenes Grullón.ZNo se presta c34273d34273